Mohlo by Česko být jako Čína?
Čína ako jeden z najdynamickejších modelov súčasnosti. Tri súčasti tohto modelu: konfucianizmus, krátkodobá trhová orientácia na ekonomický a sociálny rast a dlhodobá, plánovitá orientácia na veľké premeny. Veľká a rôznorodá čínska spoločnosť citlivá na vybočenie a odchýlky, bojí sa ich a radšej ich...
Guardado en:
| Autor principal: | |
|---|---|
| Formato: | Capítulo de libro |
| Lenguaje: | checo |
| Materias: | |
| Etiquetas: |
Sin Etiquetas, Sea el primero en etiquetar este registro!
|
MARC
| LEADER | 00000naa a2200000 4500 | ||
|---|---|---|---|
| 001 | 0146121 | ||
| 005 | 20231129102653.1 | ||
| 041 | 0 | |a cze | |
| 044 | |a CZ | ||
| 245 | 1 | 0 | |a Mohlo by Česko být jako Čína? |c Jaroslav A. Jirásek |
| 520 | |a Čína ako jeden z najdynamickejších modelov súčasnosti. Tri súčasti tohto modelu: konfucianizmus, krátkodobá trhová orientácia na ekonomický a sociálny rast a dlhodobá, plánovitá orientácia na veľké premeny. Veľká a rôznorodá čínska spoločnosť citlivá na vybočenie a odchýlky, bojí sa ich a radšej ich vidí skrotené. Čínsky model vybudovaný na tom, čo zostalo po marxizmu, po kultúrnej revolúcii. Nereálnosť (nemožnosť) faktu, aby sa Česká republika dala na čínsku cestu. | ||
| 610 | 2 | 0 | |a rast hospodársky dynamický |
| 610 | 2 | 0 | |a rozvoj hospodársky |
| 610 | 2 | 0 | |a ideológia |
| 610 | 2 | 0 | |a filozofia |
| 610 | 2 | 0 | |a spoločnosť |
| 610 | 2 | 0 | |a Čína |
| 610 | 2 | 0 | |a Česko |
| 100 | 1 | |a Jirásek, Jaroslav A. | |